00423 2200169 4500001002100000005001500021008004100036035001900077041000700096082000800103090001400111100001600125245002800141260004300169300002600212650001500238INLIS00000000000227020241224112515241224||||||||| | ||| |||| || |  0010-1224002270 aid0 a537 a537 ARD c0 aNeil Ardley00aCara Bekerjanya Listrik aSemarangbPT. Mandiri Jaya Abadic2000 a48 hlm.; ilus.: 25 cm 0aIlmu Murni